<The> Competitive Effect on Public Procurement for Public Service Contracts: The Case of the Czech Republic

Skúmanie konkurenčného efektu verejného obstarávania ako heterogénneho celku. Predmetom preverovania je samostatná analýza zmlúv o verejných službách v Českej republike z roku 2014. Správa poukazuje na niektoré javy, ktoré môžu ovplyvniť výslednú cenu verejnej zákazky, pričom vyššia konečná cena nem...

Descrizione completa

Salvato in:
Dettagli Bibliografici
Autore principale: Stehlík, Petr
Natura: Capitolo di libro
Lingua:inglese
Soggetti:
Tags: Aggiungi Tag
Nessun Tag, puoi essere il primo ad aggiungerne!!

MARC

LEADER 00000naa a2200000 4500
001 0242944
005 20180517094920.3
041 0 |a eng 
044 |a SK 
245 1 0 |a <The> Competitive Effect on Public Procurement for Public Service Contracts: The Case of the Czech Republic  |c Petr Stehlík 
520 |a Skúmanie konkurenčného efektu verejného obstarávania ako heterogénneho celku. Predmetom preverovania je samostatná analýza zmlúv o verejných službách v Českej republike z roku 2014. Správa poukazuje na niektoré javy, ktoré môžu ovplyvniť výslednú cenu verejnej zákazky, pričom vyššia konečná cena nemusí nutne znamenať neefektívnosť ani nadhodnotenie verejnej zákazky. 
610 2 0 |a obstarávanie 
610 2 0 |a obstarávanie verejné 
610 2 0 |a zmluvy 
610 2 0 |a sektor verejný 
610 2 0 |a služby verejné 
610 2 0 |a zákazky 
610 2 0 |a ceny obstarávacie 
610 2 0 |a Česko 
100 1 |a Stehlík, Petr